Quizzes
Events
Quiz Creation
Community
Videos
Private Events
Remove Ads
Sign In
Join for FREE
Feedback
Dark Mode
Quiz Categories
Sports
Geography
Music
Movies
Television
Just For Fun
Miscellaneous
History
Literature
Language
Science
Gaming
Entertainment
Religion
Holiday
For Kids
Quiz Lab
Recent
Popular Today
Quiz Kudos Today
Editor Picks
Curator Picks
Quizzes by...
Day
Popularity
Type
Ratings
Length
Year
Community
Subscriptions
Recent Discussions
Orange Saloon
Badges
Playlists
Quests
Create
Leaderboards
Showdown
Live 5
Trivia Bingo
Activity
Puzzle Library
Sporcle Events
Private Events
Virtual Trivia
Globe League
Become a Host
Pub Owners
SporcleCon
Opinionation
Our Games
Videos
Blog
Mobile Apps
Partnerships
Remove Ads and Go Orange
Feedback
Gaming
Video Games
Board Games
Card Games
Pokémon
Mario
Nintendo
Minecraft
Console
Toys
Legend of Zelda
Gaming
Video Games
Board Games
Card Games
Pokémon
Mario
Nintendo
Minecraft
Console
Toys
Legend of Zelda
Random Quiz
Search Sporcle
×
Curator Pick
Curator Pick
Gaming
Clickable
Select answers by clicking on text or image buttons
Select answers by clicking on text or image buttons
Clickable
Best Score? Go Orange.
Paper Mario: TTYD Enemies by Judgmental Tattle Excerpt Stats
Can you pick the Paper Mario: The Thousand Year Door enemies given a judgmental comment by Goombella?
By
dlh1231
6m
26 Questions
1,449 Plays
1,449 Plays
1,449 Plays
Comments
Comments
Give Quiz Kudos
Give Quiz Kudos
-
- Ratings
hide this ad
Forced Order
Answers have to be entered in order
Answers have to be entered in order
Replay
Link that replays current quiz
Next Quiz
Link to next quiz in quiz playlist
You Got
0%
They Got
Avg Score
76%
Avg Friend Score
Upgrade to see
Score Distribution
Jump to the score distribution portion of the page
Score
0/26
Timer
06:00
0
Plays Today
% Correct
Bob-omb
88%
Ember
87.9%
Vivian
87.6%
Bonetail
87%
Kammy Koopa
87%
Red Chomp
85%
Magnus Von Grapple
84.3%
Gloomba
83.9%
Bald Cleft
83.9%
Green Fuzzy
83.5%
Boo
82.8%
Putrid Piranha
82%
Spania
81.6%
% Correct
Gus
80.1%
Beldam
76.7%
Paragloomba
75.1%
Blooper
74.3%
Dark Koopa
73.8%
Bowser
72.5%
Dark Craw
70.7%
Red Magikoopa
67.9%
Dark Boo
65.2%
Rawk Hawk
60.2%
Grodus
59.1%
Paratroopa
56.5%
Atomic Boo
52.4%
Quiz Playlist
Details
Report
Send in Message
Add To Playlist
Clickable:
Select answers by clicking on text or image buttons
Forced Order:
Answers have to be entered in order
Last Updated: Feb 16, 2017
Curator Pick in
Mario
Quiz Scoreboard
CHALLENGE
Sign Up to Join the Scoreboard
Show All
Scores
Hide
Comments
May contain spoilers
Recently Published
Movies - When Are They Set?
by FPL_Elf
Movies
5m
Popular People in 1961
by mucciniale
History
6m
1-10 Letter E Words III
by El_Dandy
Language
2m
More to Explore
Quiz From the Vault
Featured Blog Post
Where Did the Easter Bunny Come From?
hide this ad
You Might Also Like...
Tags
Clickable Quiz
Mario Quiz
door
Enemy
Excerpt
Paper
Paper Mario
tattle
thousand
TTYD
Today's Top Quizzes in Gaming
Browse Gaming
hide this ad
Today's Top Quizzes in Clickable
Browse Clickable
Top Contributed Quizzes in Gaming
1
Destiny 2 exotic weapons by perk icons
2
Ultimate Genshin Impact Logic Puzzle (up to 4.3)
3
Genshin Impact Logic Puzzle Quiz
4
Who's on the WWE 2K24 Cover?
5
Windmill: Pokémon
6
Franchise by Action Figure
7
Legendary or Exotic?
8
Overwatch 2: Ultimate Ability Icons
9
Overwatch 2 Heroes by Selection Quote
10
Genshin murder mystery
Explore More
Trending Topics
Disney
NBA
Harry Potter
Marvel
Kpop
Anime
Crossword
Country
Soccer
WWE
The Office
Pokémon
Puzzle
Song
NFL
hide this ad
More By:
dlh1231
Quiz
Plays
Rating
Category
Featured
Created
Most Well-Known Countries By Continent
431,780
4.62
Geography
May 1, 2010
NBA Scorers by Draft Pick
226,476
4.37
Sports
Jun 23, 2010
NBA 25 PPG After 10 Seasons
195,011
4.46
Sports
Dec 28, 2010
NBA Top 5 Scorers by Seasons Played
144,165
4.82
Sports
Apr 10, 2013
First NBA 50 Point Game by Season
116,242
4.66
Sports
Jan 29, 2014
Go to Creator's Profile
Score Distribution
Quiz Creator Spotlight
dlh1231
Follow
Send a Message
Quizzes Created
-
Created Quiz Play Count
-
More By This Creator
Popular Quizzes Today
1
Find the Countries of Europe - No Outlines Minefield
2
Find the US States - No Outlines Minefield
3
The Countries of the World
4
Popular People in 1961
5
US States
6
1-10 Letter E Words III
7
Find the US States
8
One Thing in Common: World Cities II
More Gaming Quizzes
Sporcled Video Games
Published
Trending Quizzes
Risky Map Clicking: Least Populous States A-Z
1-10 Letter F Words
1-10 Letter G Words
One Thing in Common: United Kingdom
Risky Map Clicking: Next State Alphabetically
Recently Updated
Leaping Animals
pecheneg
Reality TV Shows (A-Z)
bhenderson79
Rickey Henderson's Hall of Fame Teammates
pecheneg
Champions League XIs: Arsenal
pecheneg
Quick Pick: Celebrities in WWE's Hall of Fame
aduchscher
A-Z Keypad Blitz II
pecheneg
Multiple Oscar Actors
pecheneg
Mystery Phrase Blitz: Oscar 'Best Actors'
pecheneg
F. Scott Fitzgerald Novels
LTH
Pick 3 Villains
ddd62291
Trending Topics
Crossword
Marvel
Harry Potter
Anime
Kpop
Disney
NBA
Soccer
The Office
WWE
NFL
Song
Puzzle
Country
Pokémon
Your Account Isn't Verified!
In order to create a playlist on Sporcle, you need to verify the email address you used during registration. Go to your
Sporcle Settings
to finish the process.
Report this User
Report this user for behavior that violates our
Community Guidelines
.
Details:
Send Report
Go to the Sporcle.com Mobile Site →
Comments